000 01608nam a22004577a 4500
003 OSt
005 20230424124121.0
008 221006b |||||||| |||| 00| 0 eng d
040 _cBiblioteca Lado V
082 _a700
_bZ39a
100 _985
_aZaya, Octavio
_eeditor
_edirector
245 _aAtalantica/
_bHomenaje para Antonio Zaya/
260 _bCentro Atlantico de Arte Moderno
_c2005
_aEspaña
300 _c21x27cm
_a144p.
366 _efre
366 _eeng
490 _v2005
_x1132-8428
_a40
505 _tObservación y disfrute de los paisajes cósmicos
505 _tObservatorios y Ponientes
505 _tPortafolio
505 _tMarina Abramovic
505 _tHirviendo Helarte
505 _tProyecto Angustias Garcia + Isaias Griñolo
505 _tJun Nguyen-Hatsushiba
505 _tPortafolio Danielle Galiano
505 _tAAAEE
505 _tTratando de "Ventas"
505 _tJuliano de Morares
505 _tSeis reflexiones sobre la ciudad
505 _tObservatorio Africano
650 _2Tesauro de Arte & Arquitectura
_aARTE
_9703
650 _2Tesauro de Arte & Arquitectura
_aEXPOSICIONES
650 _2Tesauro de Arte & Arquitectura
_aCULTURA
650 _2Tesauro de Arte & Arquitectura
_aAPRECIACION
650 _2Tesauro de Arte & Arquitectura
_aTEORIA
650 _2Tesauro de Arte & Arquitectura
_aCRITICA
650 _2Tesauro de Arte & Arquitectura
_aFOTOGRAFIA
_9702
650 _2Tesauro de Arte & Arquitectura
_aLITERATURA
650 _2Tesauro de Arte & Arquitectura
_aESPAÑA
942 _2ddc
_c1
_h700
_iZ39a
_n0
999 _c3467
_d3467